| 000 | 00831nam a22002657a 4500 | ||
|---|---|---|---|
| 003 | OSt | ||
| 005 | 20240621174501.0 | ||
| 007 | ta | ||
| 008 | 240621b |||||||| |||| 00| 0 sp d | ||
| 020 | _a9789681864729 | ||
| 040 |
_aCUNOROC _bspa _cCUNOROC _dCUNOROC |
||
| 041 |
_aspa _dspa _espa _gspa _hspa |
||
| 082 | _aR 696.6 E59 | ||
| 100 | 1 | 0 |
_aEnriquez Harper, Gilberto _eAutor _98134 |
| 245 | 1 | 0 |
_aManual práctico de instalaciones hidráulicas, sanitarias y de calefacción./ _cGilberto Enríquez Harper./ _hImpreso |
| 260 |
_aMéxico: _bLimusa; _cc2007. |
||
| 300 |
_a486 páginas: _bil; _c21 cm. |
||
| 650 |
_aInstalaciones sanitarias _98316 |
||
| 650 |
_aPlomería _98317 |
||
| 650 |
_aCalefacción _98318 |
||
| 650 |
_aDrenaje _94607 |
||
| 650 |
_aCorrosión _98319 |
||
| 650 |
_aCalentadores de agua _98320 |
||
| 942 |
_2ddc _cBK _n0 |
||
| 999 |
_c3018 _d3018 |
||